Score 0/24 Timer 05:00
1 Play Today
% Correct
United States of America
88.6%
Italy
85.5%
Mexico
81.7%
Haiti
81.2%
France
80.6%
Indonesia
76.5%
Russia
75.5%
Canada
71.7%
Netherlands
71.4%
Gabon
71.1%
Chad
70.9%
Finland
70.3%
% Correct
Lithuania
69.8%
South Africa
69%
Brazil
67.2%
Spain
65.8%
Somalia
64.4%
Germany
63.5%
Romania
60.5%
Greece
60.3%
Turkey
56.6%
Slovakia
45.1%
Poland
43.7%
Albania
39.6%
Remove Ads.
Support Sporcle.
Get the best of Sporcle when you Go Orange. This ad-free experience offers more features, more stats, and more fun while also helping to support Sporcle. Thank you for becoming a member.

You're not logged in!

Compare scores with friends on all Sporcle quizzes.
OR
Log In

Show Comments

Extras

Top Quizzes Today


Score Distribution

Your Account Isn't Verified!

In order to create a playlist on Sporcle, you need to verify the email address you used during registration. Go to your Sporcle Settings to finish the process.

Report this User

Report this user for behavior that violates our Community Guidelines.

Details: